Statistiques concernant Mots de la langue française se terminant par "ba"

Cliquez ici pour prendre le quiz!

Statistiques générales

  • Ce quiz a été pris 122 fois
  • Le résultat moyen est 9 sur 16

Statistiques - réponses

IndiceMot% Correct
groupe de pop suédoisAbba
95%
stupéfait (familier)baba
91%
danse populaire du Brésilsamba
89%
pays dans les CaraïbesCuba
85%
dessert avec une demi-pêchemelba
77%
capitale de l'EthiopieAddis Abeba
65%
maison russe en boisisba
60%
île en TunisieDjerba
58%
fêtenouba
58%
danse cubainerumba
54%
instrument de musiquetuba
53%
robe orientaledjellaba
36%
air traditionnel mexicainbamba
19%
danse originaire de Colombiezumba
12%
peuple de la République démocratique du Congobaluba
1%
tambour africaintumba
1%

Distribution des résultats

Percentile par nombre de réponses

% des personnes avec chaque résultat

Votre développement - résultats

Vous n’avez pas pris ce quiz